Entretiens
Salvato in:
| Autore principale: | |
|---|---|
| Natura: | Libro |
| Lingua: | francese |
| Pubblicazione: |
París
Les Belles Lettres
1943
|
| Serie: | Collection des Universités de France
|
| Soggetti: | |
| Tags: |
Aggiungi Tag
Nessun Tag, puoi essere il primo ad aggiungerne!!
|
MARC
| LEADER | 00000nam a2200000 a 4500 | ||
|---|---|---|---|
| 001 | UCZ4800 | ||
| 003 | CL-VaPUC | ||
| 008 | 951110e19430000FR |||||||||||||||||fre|d | ||
| 082 | 0 | 4 | |a 188 |b EPI |2 21 |
| 100 | |a Epicteto |e author |9 439826 | ||
| 245 | 1 | 0 | |a Entretiens |
| 300 | |a v | ||
| 942 | |c BK | ||
| 945 | |d 19951110 00:00:00 |a lriquelm | ||
| 260 | |a París |b Les Belles Lettres |c 1943 | ||
| 650 | 7 | |a ESTOICISMO |2 CL-VaPUC |9 348794 | |
| 650 | 0 | |a Filosofía griega |9 265579 | |
| 650 | 0 | |a Filosofía antigua |9 255705 | |
| 583 | |a last modification |c 19951110 00:00:00 |k Rodrigo Vera | ||
| 490 | 0 | |a Collection des Universités de France | |
| 999 | |c 241165 |d 241163 | ||
| 952 | |0 0 |1 0 |4 0 |6 188_000000000000000_EPI_1943 |7 0 |8 P |9 253340 |a BIBEDU |b BIBEDU |c BIBEDU_PB |d 2019-11-19 |h v.1 |i 1599763 |o 188 EPI 1943 |p 1599763 |r 2024-01-25 |w 2019-11-19 |y BK |k FIL | ||
| 952 | |0 0 |1 0 |4 0 |6 188_000000000000000_EPI_1943 |7 0 |8 P |9 253341 |a BIBEDU |b BIBEDU |c BIBEDU_PB |d 2019-11-19 |h v.2 |i 1599755 |o 188 EPI 1943 |p 1599755 |r 2024-01-25 |w 2019-11-19 |y BK |k FIL | ||
| 952 | |0 0 |1 0 |4 0 |6 188_000000000000000_EPI_1943 |7 0 |8 P |9 253342 |a BIBEDU |b BIBEDU |c BIBEDU_PB |d 2019-11-19 |h v.3 |i 1599771 |o 188 EPI 1943 |p 1599771 |r 2024-01-25 |w 2019-11-19 |y BK |k FIL | ||
| 952 | |0 0 |1 0 |4 0 |6 188_000000000000000_EPI_1943 |7 0 |8 P |9 253343 |a BIBEDU |b BIBEDU |c BIBEDU_PB |d 2019-11-19 |h v.4 |i 159978K |o 188 EPI 1943 |p 159978K |r 2024-01-25 |w 2019-11-19 |y BK |k FIL | ||
| 952 | |0 0 |1 0 |4 0 |6 188_000000000000000_EPI_1943 |7 0 |8 X |9 253344 |a BIBART |b BIBART |d 2019-11-19 |h v.1 |i 1205900 |o 188 EPI 1943 |p 1205900 |r 2025-03-13 |w 2019-11-19 |y BK_X |k ART | ||
| 952 | |0 0 |1 0 |4 0 |6 188_000000000000000_EPI_1943 |7 0 |8 X |9 253345 |a BIBART |b BIBART |d 2019-11-19 |h v.2 |i 1205919 |o 188 EPI 1943 |p 1205919 |r 2025-03-13 |w 2019-11-19 |y BK_X |k ART | ||
| 952 | |0 0 |1 0 |4 0 |6 188_000000000000000_EPI_1943 |7 0 |8 X |9 253346 |a BIBART |b BIBART |d 2019-11-19 |h v.3 |i 1205927 |o 188 EPI 1943 |p 1205927 |r 2025-03-13 |w 2019-11-19 |y BK_X |k ART | ||
| 952 | |0 0 |1 0 |4 0 |6 188_000000000000000_EPI_1943 |7 0 |8 X |9 253347 |a BIBART |b BIBART |d 2019-11-19 |h v.4 |i 1205935 |o 188 EPI 1943 |p 1205935 |r 2025-03-13 |w 2019-11-19 |y BK_X |k ART | ||